|
|
|
|
| LEADER |
00000nbm0a2200000 4500 |
| 001 |
227791 |
| 005 |
20231101230826.0 |
| 035 |
|
|
|a (RuTPU)RU\TPU\book\248234
|
| 090 |
|
|
|a 227791
|
| 100 |
|
|
|a 20121211d1986 k y0rusy50 ca
|
| 101 |
0 |
|
|a rus
|
| 102 |
|
|
|a RU
|
| 105 |
|
|
|a a m 001zy
|
| 200 |
1 |
|
|a Разработка сильноточных взрывных предохранителей
|e диссертация на соискание ученой степени кандидата технических наук
|e спец. 05.14.12
|f И. Н. Асташкин
|g Томский политехнический институт (ТПИ), Научно-исследовательский институт высоких напряжений (НИИВН) ; науч. рук. Корольков
|
| 210 |
|
|
|a Томск
|c [Б. и.]
|d 1986
|
| 215 |
|
|
|a 186 л.
|c ил.
|
| 320 |
|
|
|a Библиогр.: с. 159-166 (101 назв.).
|
| 606 |
1 |
|
|a Предохранители
|2 stltpush
|3 (RuTPU)RU\TPU\subj\51117
|9 69726
|
| 610 |
1 |
|
|a взрывные предохранители
|
| 610 |
1 |
|
|a дугогасящие устройства
|
| 610 |
1 |
|
|a коммутационные характеристики
|
| 610 |
1 |
|
|a энергия
|
| 610 |
1 |
|
|a внешние поглотители энергии
|
| 610 |
1 |
|
|a напряжение
|
| 610 |
1 |
|
|a формирование
|
| 610 |
1 |
|
|a токоведущие части
|
| 610 |
1 |
|
|a тепловые режимы
|
| 610 |
1 |
|
|a электролизное производство
|
| 610 |
1 |
|
|a тиристорные преобразователи
|
| 610 |
1 |
|
|a защита
|
| 610 |
1 |
|
|a сильноточные взрывные предохранители
|
| 610 |
1 |
|
|a конструкции
|
| 610 |
1 |
|
|a диссертации
|
| 675 |
|
|
|a 621.316.923(04)
|v 3
|
| 686 |
|
|
|a 05.14.12
|2 oksvnk
|
| 700 |
|
1 |
|a Асташкин
|b И. Н.
|g Игорь Николаевич
|
| 702 |
|
1 |
|a Корольков
|b В. Л.
|4 727
|
| 712 |
0 |
2 |
|a Томский политехнический институт (ТПИ)
|b Научно-исследовательский институт высоких напряжений (НИИВН)
|2 stltpush
|3 (RuTPU)RU\TPU\col\18349
|
| 801 |
|
1 |
|a RU
|b 63413507
|c 20121211
|
| 801 |
|
2 |
|a RU
|b 63413507
|c 20121213
|g RCR
|
| 942 |
|
|
|c BK
|